[Event "Gatwick e2e4 op-B"]
[Site "Gatwick"]
[Date "2011.06.19"]
[Round "5"]
[White "Jackson, Paul G"]
[Black "Ward, Matthew J"]
[Result "0-1"]
[WhiteElo "1876"]
[BlackElo "1782"]
[PlyCount "72"]
[EventDate "2011.06.17"]
[EventType "swiss"]
[EventRounds "5"]
[EventCountry "ENG"]
[SourceTitle "EXT 2014"]
[Source "ChessBase"]
[SourceDate "2013.11.20"]
[SourceVersion "1"]
[SourceVersionDate "2013.11.20"]
[SourceQuality "1"]

1. d4 Nf6 2. c4 e6 3. Nc3 d5 4. cxd5 exd5 5. Bg5 c6 6. Qc2 Be7 7. e3 0-0 8. Bd3 Nbd7 9. Nge2 h6 10. Bh4 Re8 11. 0-0-0 b5 12. Kb1 Nb6 13. Bxf6 Bxf6 14. Nf4 a5 15. Nce2 Bd7 16. Ng3 Rc8 17. Nf5 Bxf5 18. Bxf5 Rc7 19. g4 Nc4 20. Ng2 g6 21. Bd3 Qd7 22. Nf4 c5 23. Bxc4 bxc4 24. h4 cxd4 25. exd4 Re4 26. Ne2 Rxg4 27. h5 g5 28. Rhg1 a4 29. a3 Rb7 30. Rxg4 Qxg4 31. f4 Qxh5 32. fxg5 hxg5 33. Ng3 Qf3 34. Rf1 Qxg3 35. Rxf6 c3 36. Qd1 Rxb2+ 0-1

[Event "Gatwick e2e4 op-B"]
[Site "Gatwick"]
[Date "2011.06.18"]
[Round "2"]
[White "Ward, Matthew J"]
[Black "Fitzgerald, Robert"]
[Result "0-1"]
[WhiteElo "1782"]
[BlackElo "1962"]
[PlyCount "66"]
[EventDate "2011.06.17"]
[EventType "swiss"]
[EventRounds "5"]
[EventCountry "ENG"]
[SourceTitle "EXT 2014"]
[Source "ChessBase"]
[SourceDate "2013.11.20"]
[SourceVersion "1"]
[SourceVersionDate "2013.11.20"]
[SourceQuality "1"]

1. d4 d5 2. c4 e6 3. Nf3 Nf6 4. Nc3 c6 5. Bg5 Nbd7 6. e3 Qa5 7. Nd2 Be7 8. Nb3 Qd8 9. cxd5 exd5 10. Bd3 0-0 11. 0-0 Re8 12. a3 h6 13. Bh4 a5 14. Rc1 Nb6 15. Qc2 Nc4 16. Na4 b5 17. Nac5 a4 18. Nd2 Nd7 19. Bxe7 Qxe7 20. Nxd7 Bxd7 21. Nxc4 bxc4 22. Be2 Qg5 23. Rfe1 Bf5 24. Qd1 Reb8 25. Bf3 Rxb2 26. e4 Rd2 27. h4 Rxd1 28. hxg5 Rxe1+ 29. Rxe1 Re8 30. gxh6 gxh6 31. e5 c3 32. Rc1 c2 33. Kf1 Rb8 0-1

[Event "Uxbridge e2e4 Major op"]
[Site "Uxbridge"]
[Date "2011.03.20"]
[Round "4"]
[White "Tobisch, John"]
[Black "Ward, Matthew J"]
[Result "1-0"]
[WhiteElo "1896"]
[BlackElo "1787"]
[PlyCount "51"]
[EventDate "2011.03.18"]
[EventType "swiss"]
[EventRounds "5"]
[EventCountry "ENG"]
[SourceTitle "EXT 2023"]
[Source "ChessBase"]
[SourceDate "2022.10.05"]
[SourceVersion "1"]
[SourceVersionDate "2022.10.05"]
[SourceQuality "1"]

1. c4 Nf6 2. Nc3 d5 3. cxd5 Nxd5 4. Nf3 c5 5. g3 Nc6 6. Bg2 e6 7. 0-0 Be7 8. d4 Nc7 9. dxc5 Qxd1 10. Rxd1 Bxc5 11. Bf4 Na6 12. a3 Bb6 13. b4 Nc7 14. Na4 Nd5 15. Nxb6 axb6 16. Bd2 0-0 17. e4 Nf6 18. b5 Na5 19. Bb4 Re8 20. Ne5 Nb3 21. Rab1 Nc5 22. f3 Nfd7 23. Nc4 Na4 24. Nd6 Rd8 25. f4 e5 26. Bh3 1-0

[Event "Uxbridge e2e4 Major op"]
[Site "Uxbridge"]
[Date "2011.03.19"]
[Round "2"]
[White "Bovtramovics, Vladimirs"]
[Black "Ward, Matthew J"]
[Result "0-1"]
[WhiteElo "1933"]
[BlackElo "1787"]
[PlyCount "102"]
[EventDate "2011.03.18"]
[EventType "swiss"]
[EventRounds "5"]
[EventCountry "ENG"]
[SourceTitle "EXT 2023"]
[Source "ChessBase"]
[SourceDate "2022.10.05"]
[SourceVersion "1"]
[SourceVersionDate "2022.10.05"]
[SourceQuality "1"]

1. e4 c6 2. d4 d5 3. e5 Bf5 4. Bd3 Bxd3 5. Qxd3 e6 6. Nf3 Nd7 7. 0-0 Ne7 8. Bg5 Qb6 9. Nbd2 c5 10. c3 h6 11. Bf4 cxd4 12. cxd4 Nc6 13. a3 Be7 14. b4 0-0 15. Nb3 Qd8 16. Bd2 Nb6 17. b5 Nb8 18. Ba5 N8d7 19. Rfc1 Rc8 20. Rxc8 Qxc8 21. Bb4 Re8 22. Rc1 Nc4 23. Nfd2 Ndb6 24. f4 Bxb4 25. axb4 Qd7 26. Nc5 Qxb5 27. Nxb7 Qxb4 28. Nxc4 Nxc4 29. Nc5 Rb8 30. f5 exf5 31. Qxf5 Qd2 32. Rf1 Qxd4+ 33. Kh1 Qxc5 34. Qxf7+ Kh8 35. e6 Nd6 36. Qd7 Qb5 37. Qxb5 Nxb5 38. e7 Kg8 39. g4 Re8 40. Rf5 Nc7 41. g5 hxg5 42. Rxg5 Rxe7 43. h4 Re2 44. h5 Kf7 45. Rf5+ Ke6 46. Rg5 Kf7 47. Rf5+ Kg8 48. Rg5 d4 49. h6 Ne6 50. Rg4 d3 51. hxg7 d2 0-1

[Event "Uxbridge e2e4 Major op"]
[Site "Uxbridge"]
[Date "2011.03.18"]
[Round "1"]
[White "Ward, Matthew J"]
[Black "David, Ivan"]
[Result "1/2-1/2"]
[WhiteElo "1787"]
[BlackElo "1970"]
[PlyCount "97"]
[EventDate "2011.03.18"]
[EventType "swiss"]
[EventRounds "5"]
[EventCountry "ENG"]
[SourceTitle "EXT 2023"]
[Source "ChessBase"]
[SourceDate "2022.10.05"]
[SourceVersion "1"]
[SourceVersionDate "2022.10.05"]
[SourceQuality "1"]

1. d4 d5 2. Nf3 Nf6 3. c4 c6 4. Nc3 a6 5. e3 Bg4 6. Qb3 Ra7 7. Ne5 e6 8. cxd5 exd5 9. e4 Be6 10. exd5 cxd5 11. Bf4 Be7 12. Be2 0-0 13. 0-0 Nfd7 14. Bf3 Nb6 15. a4 Nc6 16. Rfd1 Na5 17. Qa2 f6 18. Nd3 g5 19. Bg3 f5 20. Be5 g4 21. Nf4 Bf7 22. Bxd5 Nxd5 23. Ncxd5 Bg5 24. Bc7 Qxc7 25. Nxc7 Bxa2 26. Rxa2 Bxf4 27. Ne6 Bd6 28. Nxf8 Kxf8 29. Rd3 b6 30. g3 Bb4 31. f3 Rd7 32. fxg4 fxg4 33. Kf1 Nc4 34. b3 Ne5 35. Rf2+ Nf3 36. Ke2 Kg7 37. Ke3 Rxd4 38. Rxd4 Bc5 39. Kf4 Bxd4 40. Rc2 h5 41. Rc6 a5 42. Kf5 Nxh2 43. Kg5 Nf1 44. Kxh5 Nxg3+ 45. Kxg4 Ne2 46. Kf5 Bc5 47. Ke4 Nd4 48. Rxc5 bxc5 49. Kd5 1/2-1/2

[Event "BCF-chT3 1011 (4NCL)"]
[Site "England"]
[Date "2011.02.20"]
[Round "6.46"]
[White "Ward, Matthew J"]
[Black "Davis, Alexei"]
[Result "1-0"]
[WhiteElo "1787"]
[BlackElo "1770"]
[PlyCount "41"]
[EventDate "2010.11.06"]
[EventType "team-swiss"]
[EventRounds "9"]
[EventCountry "ENG"]
[SourceTitle "EXT 2012"]
[Source "ChessBase"]
[SourceDate "2011.11.24"]
[SourceVersion "1"]
[SourceVersionDate "2011.11.24"]
[SourceQuality "1"]
[WhiteTeam "Guildford A&DC IV"]
[BlackTeam "KJCA Knights"]
[WhiteTeamCountry "ENG"]
[BlackTeamCountry "ENG"]

1. d4 e6 2. c4 b6 3. Nc3 Bb7 4. e4 Bb4 5. Bd3 Nf6 6. f3 Qe7 7. Nge2 c5 8. Be3 d6 9. 0-0 Bxc3 10. Nxc3 Nc6 11. d5 exd5 12. cxd5 Nb4 13. Bb5+ Kf8 14. Re1 Rd8 15. a3 Na6 16. Qa4 Nb8 17. Qxa7 Qc7 18. Bg5 Nbd7 19. Bc6 Rb8 20. Nb5 Qd8 21. Bxb7 1-0

[Event "BCF-chT3 1011 (4NCL)"]
[Site "England"]
[Date "2011.02.19"]
[Round "5.43"]
[White "Smith, David A"]
[Black "Ward, Matthew J"]
[Result "0-1"]
[WhiteElo "1726"]
[BlackElo "1787"]
[PlyCount "82"]
[EventDate "2010.11.06"]
[EventType "team-swiss"]
[EventRounds "9"]
[EventCountry "ENG"]
[SourceTitle "EXT 2012"]
[Source "ChessBase"]
[SourceDate "2011.11.24"]
[SourceVersion "1"]
[SourceVersionDate "2011.11.24"]
[SourceQuality "1"]
[WhiteTeam "Channel Isolani"]
[BlackTeam "Guildford A&DC IV"]
[WhiteTeamCountry "ENG"]
[BlackTeamCountry "ENG"]

1. d4 Nf6 2. Nf3 d5 3. Bf4 c5 4. c3 Qb6 5. Qc2 Nc6 6. e3 Bg4 7. Be2 e6 8. Nbd2 cxd4 9. exd4 Be7 10. Qb3 Qxb3 11. axb3 0-0 12. h3 Bh5 13. Ne5 Nxe5 14. Bxe5 Bxe2 15. Kxe2 Nd7 16. Bg3 Bf6 17. Nf3 a6 18. Rhe1 Rac8 19. Kf1 Rc6 20. Bf4 h6 21. Re2 g5 22. Bd2 Kg7 23. g4 Rb6 24. b4 Ra8 25. Be3 Rb5 26. Rc2 Rc8 27. Rac1 a5 28. bxa5 Rxa5 29. b3 Ra3 30. Nd2 e5 31. Ke2 Re8 32. Kd1 Rc8 33. Ke2 Nb8 34. dxe5 Bxe5 35. Bd4 Re8 36. Kf3 Bxd4 37. cxd4 Nc6 38. Rc5 Nxd4+ 39. Kg2 Ra2 40. Rxd5 Rxd2 41. Rc4 Nxb3 0-1

[Event "BCF-chT3 1011 (4NCL)"]
[Site "England"]
[Date "2010.11.06"]
[Round "1.39"]
[White "Michaud, Gerald"]
[Black "Ward, Matthew J"]
[Result "1/2-1/2"]
[WhiteElo "1986"]
[BlackElo "1787"]
[PlyCount "88"]
[EventDate "2010.11.06"]
[EventType "team-swiss"]
[EventRounds "9"]
[EventCountry "ENG"]
[SourceTitle "CBM 139 Extra"]
[Source "ChessBase"]
[SourceDate "2011.01.05"]
[SourceVersion "1"]
[SourceVersionDate "2011.01.05"]
[SourceQuality "1"]
[WhiteTeam "Sussex Smart Controls"]
[BlackTeam "Guildford A&DC IV"]
[WhiteTeamCountry "ENG"]
[BlackTeamCountry "ENG"]

1. d4 Nf6 2. Nf3 d5 3. c4 c6 4. Nc3 e6 5. e3 Nbd7 6. Bd3 dxc4 7. Bxc4 b5 8. Be2 a6 9. 0-0 Bb7 10. a3 c5 11. dxc5 Bxc5 12. b4 Be7 13. Qb3 Nd5 14. Bb2 0-0 15. Rfd1 Rc8 16. Rac1 Bf6 17. Nb1 Qb6 18. Rxc8 Rxc8 19. Bd4 Qc7 20. Bxf6 N7xf6 21. h3 h6 22. Nd4 Nb6 23. Nd2 Bd5 24. Qb2 Na4 25. Qa1 e5 26. N4b3 Qc2 27. Rc1 Qf5 28. Rxc8+ Qxc8 29. Bf3 e4 30. Bd1 Qc7 31. Qc1 Qxc1 32. Nxc1 Nc3 33. Bb3 Bc6 34. Na2 Nxa2 35. Bxa2 Kf8 36. Kf1 Ke7 37. Ke1 Nd7 38. Bb1 f5 39. Nb3 Bd5 40. Nd4 Kf6 41. Bc2 Nb6 42. g3 g5 43. Bd1 Ke5 44. Be2 f4 1/2-1/2

[Event "BCF-chT3 0910 (4NCL)"]
[Site "England"]
[Date "2010.03.27"]
[Round "8.5"]
[White "Ward, Matthew J"]
[Black "Pitt, Christopher"]
[Result "1-0"]
[WhiteElo "1705"]
[BlackElo "1698"]
[PlyCount "91"]
[EventDate "2009.10.24"]
[EventType "team-tourn"]
[EventRounds "11"]
[EventCountry "ENG"]
[SourceTitle "EXT 2011"]
[Source "ChessBase"]
[SourceDate "2010.11.26"]
[SourceVersion "1"]
[SourceVersionDate "2010.11.26"]
[SourceQuality "1"]
[WhiteTeam "Guildford"]
[BlackTeam "Halesowen"]
[WhiteTeamCountry "ENG"]
[BlackTeamCountry "ENG"]

1. e4 e5 2. Nf3 Nc6 3. d4 exd4 4. Nxd4 Nf6 5. Nxc6 bxc6 6. Bd3 d5 7. exd5 cxd5 8. 0-0 Be7 9. Bf4 0-0 10. Nd2 Re8 11. c3 c6 12. Qc2 Bd6 13. Bxd6 Qxd6 14. Rae1 Bg4 15. Nb3 c5 16. Be2 Bxe2 17. Rxe2 Rxe2 18. Qxe2 Re8 19. Qb5 Rb8 20. Qe2 Re8 21. Qf3 Qa6 22. Nxc5 Qxa2 23. Nd3 Qc4 24. h3 a5 25. Ra1 a4 26. Qd1 Ra8 27. Nb4 a3 28. Rxa3 Rxa3 29. bxa3 Qxc3 30. Qc2 Qxc2 31. Nxc2 Nd7 32. Kf1 Nb6 33. Ke2 Kf8 34. Kd3 Ke7 35. Kd4 Kd6 36. Ne3 g6 37. Nd1 Na4 38. Nc3 Nc5 39. Nxd5 Nb3+ 40. Kc3 Na5 41. Nf6 h6 42. Kb4 Nc6+ 43. Kc4 Ne5+ 44. Kd4 Nc6+ 45. Ke3 Ke5 46. Ng4+ 1-0

[Event "BCF-chT3 0910 (4NCL)"]
[Site "England"]
[Date "2010.01.17"]
[Round "4.3"]
[White "Ward, Matthew J"]
[Black "Jeffries, Majid"]
[Result "0-1"]
[WhiteElo "1688"]
[BlackElo "2001"]
[PlyCount "42"]
[EventDate "2009.10.24"]
[EventType "team-tourn"]
[EventRounds "11"]
[EventCountry "ENG"]
[SourceTitle "EXT 2011"]
[Source "ChessBase"]
[SourceDate "2010.11.26"]
[SourceVersion "1"]
[SourceVersionDate "2010.11.26"]
[SourceQuality "1"]
[WhiteTeam "Guildford"]
[BlackTeam "AMCA Hippos"]
[WhiteTeamCountry "ENG"]
[BlackTeamCountry "ENG"]

1. d4 Nf6 2. Nf3 e6 3. c4 Bb4+ 4. Bd2 Qe7 5. e3 a5 6. Bd3 Nc6 7. 0-0 d6 8. a3 Bxd2 9. Nbxd2 e5 10. Ne4 0-0 11. Qc2 h6 12. Nxf6+ Qxf6 13. d5 Ne7 14. Rad1 Bg4 15. Be2 Bf5 16. e4 Bd7 17. c5 Rfc8 18. Rc1 Ng6 19. Qb3 Nf4 20. Rfe1 Qg6 21. Nh4 Qg5 0-1

[Event "BCF-chT3 0910 (4NCL)"]
[Site "England"]
[Date "2010.01.16"]
[Round "3.5"]
[White "Dixit, Kumar"]
[Black "Ward, Matthew J"]
[Result "0-1"]
[WhiteElo "1418"]
[BlackElo "1669"]
[PlyCount "70"]
[EventDate "2009.10.24"]
[EventType "team-tourn"]
[EventRounds "11"]
[EventCountry "ENG"]
[SourceTitle "EXT 2011"]
[Source "ChessBase"]
[SourceDate "2010.11.26"]
[SourceVersion "1"]
[SourceVersionDate "2010.11.26"]
[SourceQuality "1"]
[WhiteTeam "AMCA Cheetahs"]
[BlackTeam "Guildford"]
[WhiteTeamCountry "ENG"]
[BlackTeamCountry "ENG"]

1. Nf3 Nf6 2. d4 e6 3. c4 d5 4. Bg5 c6 5. Nc3 dxc4 6. e3 b5 7. a4 Bb4 8. Qc2 Bb7 9. Be2 0-0 10. 0-0 a6 11. Ne4 Nbd7 12. Ne5 Be7 13. Nxd7 Nxd7 14. Bxe7 Qxe7 15. f4 c5 16. dxc5 Nxc5 17. Ng5 g6 18. Bf3 Bxf3 19. Nxf3 Nd3 20. Ne1 Qc5 21. Rf3 Rad8 22. Rd1 Nxe1 23. Rxe1 Rd3 24. Kh1 Rfd8 25. axb5 axb5 26. Qc1 b4 27. Rff1 c3 28. Re2 Qd5 29. h3 Rd1 30. Rxd1 Qxd1+ 31. Qxd1 Rxd1+ 32. Kh2 Rd2 33. Re1 c2 34. Rc1 b3 35. Kg3 Rd1 0-1

[Event "BCF-chT3 0809 (4NCL)"]
[Site "Hinckley Island"]
[Date "2009.05.02"]
[Round "9.4"]
[White "Ward, Matthew J"]
[Black "Graham, Neil"]
[Result "1-0"]
[WhiteElo "1760"]
[BlackElo "1925"]
[PlyCount "51"]
[EventDate "2008.10.18"]
[EventType "team-swiss"]
[EventRounds "11"]
[EventCountry "ENG"]
[SourceTitle "EXT 2010"]
[Source "ChessBase"]
[SourceDate "2010.11.25"]
[SourceVersion "1"]
[SourceVersionDate "2010.11.25"]
[SourceQuality "1"]
[WhiteTeam "AMCA Hippos"]
[BlackTeam "Nottinghamshire II"]
[WhiteTeamCountry "ENG"]
[BlackTeamCountry "ENG"]

1. e4 e5 2. Nf3 Nf6 3. Nxe5 d6 4. Nf3 Nxe4 5. d4 d5 6. Bd3 Be7 7. 0-0 Nc6 8. c4 Nf6 9. Nc3 Bg4 10. Be3 Nb4 11. Be2 0-0 12. a3 Nc6 13. Ne5 Bxe2 14. Qxe2 Nxe5 15. dxe5 Nd7 16. Nxd5 Nxe5 17. Rad1 Nd7 18. Bf4 Bd6 19. Bxd6 cxd6 20. Qe7 Ne5 21. b3 Re8 22. Qxb7 Rb8 23. Qxa7 Rxb3 24. f4 Nxc4 25. Rfe1 h6 26. Qa4 1-0